Breaking Bad Trivia #V - Statistics

General Stats
  • This quiz has been taken 92 times
  • The average score is 8 of 15
Answer Stats
Hint Answer % Correct
Creator of the show: __ Gilligan Vince
98%
Jane chokes on own Vomit
94%
Gus' henchman Victor
85%
Gales diet Vegan
77%
Jesse calls Jane endlessly but it keeps going to __ __ Voice Mail
74%
Walt hides his money here, in earlier seasons Vent
60%
Business the "disappearing" guy (Ed) is officialy in Vacuums
57%
Marie drives a car from this brand Volkswagen
54%
Jesse is seen playing __ __ with Brock Video games
45%
shady fumigation company based in Albuquerque Vamonos Pest
43%
Walt Jr. doesnt like this new breakfast change Veggie Bacon
42%
Jesse doesn't have an entry to Tuco, if it weren't for Skinny Petewho can Vouch
40%
Don Eladio __ Vuente
26%
Pizzeria, the pizza Walt throws on the roof is from Venezia Pizzeria
12%
Jacks gang own an 1991 Ford Crown __ Victory
8%
No matching quizzes found
Score Distribution
Percent of People with Each Score
Percentile by Number Answered
Your Score History
You have not taken this quiz